| 000 | 00977npm a2200241 i 4500 | ||
|---|---|---|---|
| 001 | 5063 | ||
| 003 | ES-MaACL | ||
| 005 | 20250814001559.0 | ||
| 007 | hzrazu bucu | ||
| 008 | 890403r19891910sp b 00010 spa d | ||
| 080 | _a614(061.21) | ||
| 100 | 1 |
_aSanz Romo, Marcelo. _9103680 |
|
| 245 | 1 | 0 |
_aProfilaxis de las enfermedades venereas en el ejercito de mar y tierra _b: [Microforma] / _cpor Marcelo Sanz Romo. |
| 260 |
_aMadrid : _bAteneo Cientifico, Literario y Artistico, _c1989. |
||
| 300 |
_a29 fotograma en 1 microficha : _bnegativo. |
||
| 490 | 1 |
_aMemorias premiadas de la Sociedad Española de Higiene. Legado Roel ; _v7 |
|
| 500 | _aPublicado originalmente: Madrid, Sociedad Española de Higiene, 1910. | ||
| 810 | 2 |
_aSociedad Española de Higiene- _kMemorias premiadas _96727 |
|
| 830 | 0 | 0 |
_aLegado Roel: Colección de memorias premiadas _v7 _9183286 |
| 852 |
_aES-MaACL _jMCF-3 _95180 _cDEPO1 |
||
| 942 |
_2udc _cMICROFORMA |
||
| 999 |
_c5063 _d5063 |
||